000 00306nam a22001337a 4500
008 170627b xxu||||| |||| 00| 0 eng d
020 _a1921333030009
041 _aeng
080 _a32
100 _a21
101 _aSHP
245 _aTHE ECONOMICS OF DEVELOPMENT ASSISTANCE
_cAKIRA, N
942 _2udc
_cBK
999 _c19112
_d19112